| 000 | 01180nam a22002657a 4500 | ||
|---|---|---|---|
| 005 | 20110127111440.0 | ||
| 008 | 110127t xxu||||| |||| 00| 0 hin d | ||
| 010 | _aHIN-91651 | ||
| 020 | _c75.00 | ||
| 035 | _aHN-63997 | ||
| 037 | _bDBAD / PUB | ||
| 040 |
_aDPL _bHN |
||
| 082 | _aक | ||
| 100 |
_925632 _aइन्दिरा शबनम इन्दु |
||
| 245 |
_aज़मीर अपना-अपना / _cइन्दिरा शबनम इन्दु |
||
| 246 |
_aZammer apna apna _bby Indira Shabnam Indu |
||
| 260 |
_aपुणे _bइन्दिरा शबनम _c2008 |
||
| 270 |
_a9/ब, मयूरबन अपार्टमेंट, 1100, शिवाजीनगर, मॉडेल कॉलनी _bपुणे _e411016 _k25671039 |
||
| 300 |
_a86पृ. _c22सेमी (सजिल्द) |
||
| 650 |
_9657 _aलघु कथाएँ, हिन्दी |
||
| 650 |
_aHindi Fiction _925656 |
||
| 700 | _925634 | ||
| 942 |
_2ddc _cHN _hक _mइन्दिरा |
||
| 999 |
_c50147 _d50147 |
||